University Home | Library Home | Institutional Repository

Botany: (Record no. 140927)

MARC details
000 -LEADER
fixed length control field 00716cam1a220022900 4500
001 - CONTROL NUMBER
control field lce00962297
008 - FIXED-LENGTH DATA ELEMENTS--GENERAL INFORMATION
fixed length control field 740408c19741975nyua b 001 0 eng
010 ## - LIBRARY OF CONGRESS CONTROL NUMBER
LC control number 74007084
020 ## - INTERNATIONAL STANDARD BOOK NUMBER
International Standard Book Number 0471365505
-- 0471365513 (pbk.)
035 ## - SYSTEM CONTROL NUMBER
System control number (Sirsi) r54707
035 ## - SYSTEM CONTROL NUMBER
System control number (DLC) 74007084
035 ## - SYSTEM CONTROL NUMBER
System control number (UPRA)lce00962297
050 0# - LIBRARY OF CONGRESS CALL NUMBER
Classification number QK47
Item number .H33
082 ## - DEWEY DECIMAL CLASSIFICATION NUMBER
Classification number 581
100 1# - MAIN ENTRY--PERSONAL NAME
Personal name Haynes, James D., 1934-
Dates associated with a name Haynes, James D., 1934-
Linkage A13509.1
245 10 - TITLE STATEMENT
Title Botany:
Remainder of title an introductory survey of the plant kingdom
Statement of responsibility, etc. [by] James D. Haynes.
260 ## - PUBLICATION, DISTRIBUTION, ETC.
Place of publication, distribution, etc. New York,
Name of publisher, distributor, etc. Wiley
Date of publication, distribution, etc. [1974, c1975]
504 ## - BIBLIOGRAPHY, ETC. NOTE
Bibliography, etc. note Bibliography: p. 486-490.
650 #0 - SUBJECT ADDED ENTRY--TOPICAL TERM
Topical term or geographic name entry element Botany.
Linkage S817.1
949 ## - LOCAL PROCESSING INFORMATION (OCLC)
a QK47
w lcc
i -70564
m MAIN
t BOOK
l ON-SHELF

No items available.

© 2026 - The University of Zambia Library - Koha v25.11